000 00320 a2200157 4500
001 178446
020 _a
040 _cMagnum
100 _aAzevedo, Ricardo
240 1 0 _aAlguma coisa
_lpor
245 1 0 _aAlguma coisa
362 0 _a1899
440 1 _aFTD
697 _aMAGNITO: IJ/AVENTURA, CRIANCAS
942 _cBK
999 _c178446
_d178446